000 00526nam a2200193Ia 4500
003 GCL
008 140319s9999 xx 000 0 eng d
040 _aGCL /
_cGCL
082 0 4 _a515.9
_bS T
100 1 _aSVESHNIKOV, A.N
245 1 0 _aTHE THEORY OF FUNCTIONS OF A COMPLEX VARIABLE /
_cSVESHNIKOV, A.N
700 1 _aTIKHONOV, A.N
700 1 _aYANKOVSKY, GEORGE
260 _a[S.N] :
_bMIR PUBLISHERS ،
_c1971
300 _a311 P
650 0 4 _aANALYSIS
650 0 4 _aFUNCTIONS OF COMPLEX VARIABLES
942 _2ddc
_cBK
999 _c14990
_d14990